El proyecto de código penal (Record no. 167427)

MARC details
000 -LEADER
campo de control de longitud fija 00793nam a22001815i 4500
001 - NÚMERO DE CONTROL
campo de control 167427
003 - IDENTIFICADOR DE NÚMERO DE CONTROL
campo de control ES-MaACL
005 - FECHA Y HORA DE LA ÚLTIMA TRANSACCIÓN
campo de control 20250809035229.0
008 - DATOS DE LONGITUD FIJA--INFORMACIÓN GENERAL
campo de control de longitud fija 970415s1885 sp |||| | spa d
040 ## - FUENTE DE CATALOGACIÓN
Centro catalogador/agencia de origen CYL
Lengua de catalogación spa
Centro/agencia transcriptor CYL
100 1# - ENTRADA PRINCIPAL--NOMBRE DE PERSONA
Nombre de persona Vida Vilches, Jerónimo,
Fechas asociadas al nombre 1858-1915
9 (RLIN) 114411
245 13 - MENCIÓN DEL TÍTULO
Título El proyecto de código penal
Resto del título : apuntes críticos /
Mención de responsabilidad, etc. por Jerónimo Vida.
260 ## - PUBLICACIÓN, DISTRIBUCIÓN, ETC.
Lugar de publicación, distribución, etc. Madrid :
Nombre del editor, distribuidor, etc. [s.n.],
Fecha de publicación, distribución, etc. 1885 (
Fabricante Imprenta de El Progreso)
300 ## - DESCRIPCIÓN FÍSICA
Extensión 88 p. ;
Dimensiones 20 cm.
650 04 - PUNTO DE ACCESO ADICIONAL DE MATERIA--TÉRMINO DE MATERIA
Término de materia o nombre geográfico como elemento de entrada Derecho penal-
Subdivisión geográfica España
9 (RLIN) 11752
852 ## - LOCALIZACIÓN
Ubicación ES-MaACL
Número de control de estantería T-398-F-7
Nota libre -- Enc. hol., falto de la enc. original
-- -- An. ms.: Ded. del autor a la Biblioteca del Ateneo de Madrid
condición física -- Enc. en un vol. facticio
Encuadernación -- T594: el nombre completo del autor es Jerónimo Vida Vilches
Holdings
Estatus retirado Estado de pérdida Estado de daño No para préstamo Colección Biblioteca de origen Biblioteca actual Ubicación en estantería Fecha de adquisición Total de préstamos Signatura topográfica completa Código de barras Visto por última vez Precio de reemplazo Tipo de ítem Koha
        Colección de folletos Biblioteca del Ateneo de Madrid Biblioteca del Ateneo de Madrid Depósito folletos 17/01/2008   T-398-F-7 1175639 23/02/2023 23/02/2023 Folleto